De iis quae scripta sunt, physice in libris sacris, sive de sacra philosophia, liber singularis.

Detalles Bibliográficos
Autor principal: VALLESIO, Francisco
Formato: Libro
Publicado: Lyon 1622
Materias:
Colección:Banco de datos
Acervo:Biblioteca del Convento de San Pablo. Yuririahupándaro. Guanajuato
Tema general:Filosofía
Notas:Regular. 3B5, 8.
LEADER 00682nam a22001930004500
035 |a 37741 
036 |a 3382 
100 1 |a VALLESIO, Francisco 
245 1 0 |a De iis quae scripta sunt, physice in libris sacris, sive de sacra philosophia, liber singularis. 
260 |a Lyon  |b Antonio Soubron imp.  |c 1622 
500 |a Regular. 3B5, 8. 
650 1 0 |a Filosofía 
949 |a CRG-CY 
959 |a Ex convento de San Pablo, Museo Regional de Yuririahpúndaro, Guanajuato  |b CCC9 
960 |a Convento San Pablo Yuririahpúndaro, Guanajuato  |b DD86 
961 |a Agustina  |b OA 
942 |c CRG-CY 
943 |g Biblioteca del Convento de San Pablo. Yuririahupándaro. Guanajuato 
999 |c 958407  |d 958407